Knowledge Management (Record no. 2274)

MARC details
000 -LEADER
fixed length control field 00390nam a22001697a 4500
005 - DATE AND TIME OF LATEST TRANSACTION
control field 20160531161924.0
008 - FIXED-LENGTH DATA ELEMENTS--GENERAL INFORMATION
fixed length control field 160531b xxu||||| |||| 00| 0 eng d
020 ## - INTERNATIONAL STANDARD BOOK NUMBER
ISBN 81-297-0097-2
041 ## - LANGUAGE CODE
Language code of text/sound track or separate title eng
082 ## - DEWEY DECIMAL CLASSIFICATION NUMBER
Item number 6435
100 ## - MAIN ENTRY--AUTHOR NAME
Personal name Award Elias and others
245 ## - TITLE STATEMENT
Title Knowledge Management
260 ## - PUBLICATION, DISTRIBUTION, ETC. (IMPRINT)
Name of publisher Pearsons
Year of publication 2004
300 ## - PHYSICAL DESCRIPTION
Number of Pages 447
650 ## - SUBJECT ADDED ENTRY--TOPICAL TERM
Topical Term Management
942 ## - ADDED ENTRY ELEMENTS (KOHA)
Koha item type Books
Holdings
Lost status Damaged status Collection code Home library Current library Shelving location Date acquired Cost, normal purchase price Full call number Accession Number Koha item type
    Reference JRU Library   SHELF-28-E 31/05/2016 295.00 6435 6435 Books
    MANAGEMENT JRU Library JRU Library SHELF- 67 G 31/05/2016 295.00 6435 6436 Books
    MANAGEMENT JRU Library JRU Library SHELF- 67 G 31/05/2016 295.00 6435 6437 Books
    MANAGEMENT JRU Library JRU Library SHELF- 67 G 31/05/2016 295.00 6435 6438 Books